[Event "SR 2. liga A 2015/2016"]
[Site "?"]
[Date "2015.10.18"]
[Round "2.6"]
[White "Partys, Petr"]
[Black "Sosovicka, Jakub"]
[Result "1-0"]
[WhiteElo "2052"]
[BlackElo "1933"]
[PlyCount "77"]
[EventDate "2015.??.??"]

1. Nf3 d5 2. c4 e6 3. g3 Nf6 4. b3 Be7 5. Bb2 O-O 6. Bg2 b6 7. O-O Bb7 8. d3
Nbd7 9. Nbd2 c5 10. e3 Rc8 11. Qc2 Qc7 12. Rfd1 Rfd8 13. Rac1 dxc4 14. Nxc4 Nd5
15. Qb1 Bf6 16. d4 Nb4 17. a3 Nc6 18. dxc5 Nxc5 19. Bxf6 gxf6 20. b4 Rxd1+ 21.
Rxd1 Nd7 22. Nd6 Rb8 23. Nxb7 Rxb7 24. Rc1 Qd6 25. Rxc6 Qxc6 26. Ng5 Qxg2+ 27.
Kxg2 fxg5 28. Qc2 Nf8 29. a4 Rd7 30. Qc3 Rd5 31. e4 Rd7 32. Qf6 g4 33. Qg5+ Ng6
34. Qxg4 Rd4 35. h4 Kh8 36. h5 Nf8 37. Qf4 Rd7 38. Qf6+ Kg8 39. h6 1-0

[Event "SR 2. liga A 2015/2016"]
[Site "?"]
[Date "2015.10.18"]
[Round "2.6"]
[White "Hurban, Martin"]
[Black "Petrik, Karol"]
[Result "1-0"]
[WhiteElo "1930"]
[BlackElo "2050"]
[PlyCount "69"]
[EventDate "2015.??.??"]

1. e4 d5 2. exd5 Qxd5 3. Nc3 Qd6 4. d4 a6 5. Nf3 g6 6. Be3 Nf6 7. h3 Bg7 8. Qd2
O-O 9. Bc4 b5 10. Bb3 Bb7 11. Qe2 Nc6 12. a3 e5 13. dxe5 Nxe5 14. Nxe5 Qxe5 15.
O-O c5 16. Rad1 Rfe8 17. Rd2 b4 18. Na4 Rac8 19. Re1 bxa3 20. bxa3 c4 21. Ba2
c3 22. Rd4 Qe7 23. Nb6 Rc7 24. Rc4 Rxc4 25. Qxc4 Qe4 26. Qxf7+ Kh8 27. f3 Qxc2
28. Bb1 Qb2 29. Qxb7 Rxe3 30. Rxe3 Qc1+ 31. Kf2 Qd2+ 32. Re2 Qd4+ 33. Kf1 Qd1+
34. Re1 c2 35. Qc8+ 1-0

[Event "SR 2. liga A 2015/2016"]
[Site "?"]
[Date "2015.10.18"]
[Round "2.6"]
[White "Krajnak, Robert"]
[Black "Kucera, Michal"]
[Result "1-0"]
[WhiteElo "2073"]
[BlackElo "1900"]
[PlyCount "115"]
[EventDate "2015.??.??"]

1. c4 e5 2. Nc3 Nf6 3. Nf3 Nc6 4. d3 h6 5. g3 d5 6. cxd5 Nxd5 7. Bg2 Be6 8. O-O
Be7 9. Bd2 O-O 10. Rc1 Nb6 11. a4 a6 12. Ne4 Nd7 13. Be3 Nb4 14. Nc5 Nxc5 15.
Bxc5 f6 16. Bxe7 Qxe7 17. Nh4 Rfb8 18. d4 Rd8 19. Bxb7 Rab8 20. Bg2 Rxd4 21.
Qe1 a5 22. Qc3 Rd7 23. Qe3 Nd5 24. Qa7 Rxb2 25. Qxa5 Rxe2 26. Rfd1 Nb6 27. Qb5
Rdd2 28. Rxd2 Rxd2 29. a5 Nd5 30. a6 Nb6 31. Ra1 Bc4 32. Qc6 Qd8 33. h3 Rd1+
34. Rxd1 Qxd1+ 35. Kh2 Bd5 36. Qxc7 Bxg2 37. Nxg2 Qd4 38. a7 Kh7 39. Qxb6 Qxb6
40. a8=Q Qxf2 41. Qe4+ Kg8 42. Qa8+ Kh7 43. Qe4+ Kg8 44. h4 Qa2 45. h5 Qd2 46.
Kh3 Qd1 47. g4 Kf8 48. Ne3 Qe2 49. Qa8+ Kf7 50. Qb7+ Kf8 51. Qc8+ Kf7 52. Qc4+
Qxc4 53. Nxc4 g6 54. Ne3 gxh5 55. gxh5 Ke6 56. Kg4 Kd6 57. Kf5 Kc5 58. Kxf6 1-0

[Event "SR 2. liga A 2015/2016"]
[Site "?"]
[Date "2015.10.18"]
[Round "2.6"]
[White "Kosegi, Marek"]
[Black "Helbich, Branislav"]
[Result "1-0"]
[WhiteElo "1877"]
[BlackElo "2014"]
[PlyCount "79"]
[EventDate "2015.??.??"]

1. d4 Nf6 2. Nf3 d5 3. c4 c6 4. Nc3 Bf5 5. Nh4 Bc8 6. e3 e6 7. Nf3 Bd6 8. Qc2
Nbd7 9. g4 Nxg4 10. Rg1 f5 11. h3 Ngf6 12. Rxg7 Rg8 13. Rxg8+ Nxg8 14. Bd2 Ndf6
15. O-O-O Bd7 16. Be2 Rc8 17. c5 Bb8 18. Rg1 Kf8 19. Ne5 Be8 20. Bd3 Ne7 21.
Ne2 Bf7 22. Nf4 Bxe5 23. dxe5 Nd7 24. Bc3 Nxc5 25. Be2 Ne4 26. Bh5 Qb6 27. Bxf7
Kxf7 28. Qe2 Ng6 29. Qh5 Rg8 30. Qxh7+ Rg7 31. Qh5 Nxf2 32. Bd4 c5 33. Nxg6
cxd4 34. Nf4+ Kg8 35. Qe8+ Kh7 36. Rxg7+ Kxg7 37. Nxe6+ Kh6 38. Qh8+ Kg6 39.
Qg7+ Kh5 40. Qg5# 1-0

[Event "SR 2. liga A 2015/2016"]
[Site "?"]
[Date "2015.10.18"]
[Round "2.6"]
[White "Orosi, Peter"]
[Black "Gzib, David"]
[Result "1-0"]
[WhiteElo "2001"]
[BlackElo "1636"]
[PlyCount "55"]
[EventDate "2015.??.??"]

1. e4 c6 2. Nf3 d5 3. Nc3 Bg4 4. Be2 Bxf3 5. Bxf3 e6 6. d4 Bd6 7. Qe2 Ne7 8.
Bg5 Nd7 9. O-O-O h6 10. Bh4 Bf4+ 11. Kb1 g5 12. Bg3 Bxg3 13. hxg3 Qc7 14. exd5
cxd5 15. Bxd5 O-O-O 16. Bxe6 fxe6 17. Qxe6 Nc6 18. Nb5 Qb6 19. Nd6+ Kc7 20. Nf7
Rde8 21. Qd6+ Kc8 22. Nxh8 Rxh8 23. Rxh6 Rxh6 24. Qxh6 Qb5 25. d5 Qe2 26. Rh1
Nb4 27. Qh8+ Kc7 28. Qc3+ 1-0

[Event "SR 2. liga A 2015/2016"]
[Site "?"]
[Date "2015.11.07"]
[Round "3.1"]
[White "Valent, Ivan"]
[Black "Lanc, Alois"]
[Result "0-1"]
[WhiteElo "2218"]
[BlackElo "2302"]
[PlyCount "99"]
[EventDate "2015.??.??"]

1. e4 e5 2. Nf3 Nc6 3. Bb5 a6 4. Ba4 d6 5. d4 b5 6. Bb3 Nxd4 7. Nxd4 exd4 8.
Bd5 Rb8 9. Bc6+ Bd7 10. Bxd7+ Qxd7 11. Qxd4 Nf6 12. O-O Be7 13. Nc3 O-O 14. a4
Rfe8 15. axb5 axb5 16. b4 Qe6 17. Re1 c6 18. Bg5 Qe5 19. Qd2 Ng4 20. Bf4 Qf6
21. Ra6 Rbc8 22. Ne2 Ne5 23. Bxe5 dxe5 24. Nc1 Red8 25. Nd3 Rd4 26. c3 Rd6 27.
Qe3 Qe6 28. Ra7 Bg5 29. Qxg5 Rxd3 30. Re7 Qd6 31. Qf5 Rf8 32. Ra7 Rxc3 33. h4
Qxb4 34. Qxe5 Rc5 35. Qa1 Rc4 36. e5 Re4 37. Rxe4 Qxe4 38. g3 h6 39. Ra8 Rxa8
40. Qxa8+ Kh7 41. Qe8 Qd5 42. Qe7 c5 43. Qd6 Qc4 44. h5 b4 45. Qd7 Qc2 46. Qxf7
b3 47. e6 b2 48. e7 b1=Q+ 49. Kh2 Qe4 50. e8=Q 0-1

[Event "SR 2. liga A 2015/2016"]
[Site "?"]
[Date "2015.11.07"]
[Round "3.1"]
[White "Kavon, Rastislav"]
[Black "Turna, Stefan"]
[Result "1-0"]
[WhiteElo "2183"]
[BlackElo "2201"]
[PlyCount "91"]
[EventDate "2015.??.??"]

1. e4 c5 2. Nf3 d6 3. d4 cxd4 4. Nxd4 Nf6 5. Nc3 e6 6. Be3 a6 7. Bd3 Be7 8. O-O
O-O 9. a4 Nc6 10. Kh1 Nxd4 11. Bxd4 e5 12. Be3 Ng4 13. Qd2 Nxe3 14. Qxe3 Bg5
15. Qe2 Be6 16. Bc4 Rc8 17. Nd5 Bxd5 18. Bxd5 a5 19. Bxb7 Rb8 20. Bd5 Qb6 21.
b3 Qc7 22. Rad1 Kh8 23. Bc4 f5 24. exf5 Rxf5 25. Qg4 Rbf8 26. Bd3 e4 27. Bxe4
Rf4 28. Qxg5 Rxe4 29. Qd2 Rfe8 30. Rde1 Qc6 31. Rxe4 Qxe4 32. Kg1 h6 33. g3 Rc8
34. Rc1 Qe5 35. c4 Rb8 36. Re1 Qc5 37. Re3 Rf8 38. Qe1 Qh5 39. Qe2 Qg6 40. Qe1
Qh5 41. Re6 Rd8 42. Qd2 Qc5 43. Qe3 Qc6 44. Rxh6+ gxh6 45. Qxh6+ Kg8 46. Qg5+
1-0

[Event "SR 2. liga A 2015/2016"]
[Site "?"]
[Date "2015.11.07"]
[Round "3.1"]
[White "Jancovic, Peter"]
[Black "Mackovic, Matus"]
[Result "1/2-1/2"]
[WhiteElo "2178"]
[BlackElo "1959"]
[PlyCount "175"]
[EventDate "2015.??.??"]

1. d4 Nf6 2. Nf3 d6 3. g3 g6 4. Bg2 Bg7 5. O-O O-O 6. b3 c6 7. Bb2 Bg4 8. h3
Bxf3 9. Bxf3 Qc7 10. c4 Nbd7 11. Qc2 a6 12. Rd1 c5 13. e3 Rab8 14. Nd2 cxd4 15.
Bxd4 b5 16. Rac1 Rfc8 17. Qb1 b4 18. Bg2 Nc5 19. Qc2 Nfd7 20. Nf3 a5 21. Bxg7
Kxg7 22. Nd4 Nf6 23. Kh2 Qd7 24. f4 Ne6 25. Qe2 Ne8 26. Nf3 Qc7 27. Re1 Rd8 28.
Rcd1 Qb6 29. e4 N8c7 30. f5 Nc5 31. Nd4 f6 32. Rf1 Nd7 33. h4 Ne5 34. g4 Rf8
35. g5 Rbd8 36. Kh1 Nc6 37. Nxc6 Qxc6 38. e5 Qe8 39. exf6+ exf6 40. Qg4 fxg5
41. Rde1 Qd7 42. Qxg5 Rde8 43. fxg6 hxg6 44. h5 Rxf1+ 45. Rxf1 Qe6 46. Qxa5 Qe7
47. Qa7 Qh4+ 48. Kg1 Re7 49. hxg6 Kxg6 50. Qf2 Qxf2+ 51. Rxf2 Rf7 52. Re2 Rf6
53. Bb7 Kf7 54. a4 bxa3 55. Ra2 d5 56. c5 Rf3 57. Rxa3 Rc3 58. Ra7 Rxc5 59.
Bxd5+ Rxd5 60. Rxc7+ Ke6 61. Rc3 Rd2 62. Kf1 Kd5 63. Ke1 Rb2 64. Kd1 Kd4 65.
Rh3 Kc5 66. Kc1 Rg2 67. Rh4 Kb5 68. Rc4 Rh2 69. Rc2 Rxc2+ 70. Kxc2 Kb4 71. Kb2
Kb5 72. Kc3 Kc5 73. b4+ Kb5 74. Kb3 Kb6 75. Ka4 Ka6 76. b5+ Kb6 77. Kb4 Kb7 78.
Ka5 Ka7 79. b6+ Kb7 80. Kb5 Kb8 81. Kc6 Kc8 82. Kc5 Kb7 83. Kb5 Kb8 84. Ka5 Kb7
85. Kb5 Kb8 86. Ka6 Ka8 87. b7+ Kb8 88. Kb6 1/2-1/2

[Event "SR 2. liga A 2015/2016"]
[Site "?"]
[Date "2015.11.07"]
[Round "3.1"]
[White "Kozinka, Roman"]
[Black "Slapak, Zdenek"]
[Result "0-1"]
[WhiteElo "1989"]
[BlackElo "2119"]
[PlyCount "62"]
[EventDate "2015.??.??"]

1. e4 c5 2. Nf3 Nc6 3. d4 cxd4 4. Nxd4 e5 5. Nb5 a6 6. Nd6+ Bxd6 7. Qxd6 Qf6 8.
Qd2 Nge7 9. Nc3 O-O 10. Bc4 b5 11. Bb3 Nd4 12. Nd5 Nxd5 13. Bxd5 Rb8 14. c3 Ne6
15. a4 Nf4 16. f3 Nxd5 17. Qxd5 Rd8 18. axb5 Rxb5 19. Qc4 Qb6 20. b4 d5 21.
exd5 Rbxd5 22. Bg5 f6 23. Bd2 Be6 24. Rxa6 Rxd2 25. Qxe6+ Qxe6 26. Rxe6 Rd1+
27. Ke2 Rxh1 28. b5 Rc8 29. Kd3 Rd1+ 30. Kc2 Rd5 31. b6 Rb5 0-1

[Event "SR 2. liga A 2015/2016"]
[Site "?"]
[Date "2015.11.07"]
[Round "3.1"]
[White "Cambel, Vladimir"]
[Black "Lopatievov, Alexander"]
[Result "1-0"]
[WhiteElo "2056"]
[BlackElo "1903"]
[PlyCount "81"]
[EventDate "2015.??.??"]

1. Nf3 Nf6 2. c4 c6 3. g3 g6 4. Bg2 Bg7 5. O-O O-O 6. d4 d5 7. b3 b5 8. Ne5 Bf5
9. Bb2 Qc8 10. Nd2 Bh3 11. Rc1 Bxg2 12. Kxg2 Qb7 13. Qc2 bxc4 14. bxc4 Nbd7 15.
Rb1 Nxe5 16. dxe5 Nd7 17. e6 Nb6 18. exf7+ Rxf7 19. Bxg7 c5 20. Bh6 Re8 21.
cxd5 Qxd5+ 22. e4 Qd6 23. Be3 Rc8 24. Nc4 Qf6 25. a4 Qe6 26. Rfc1 Rc7 27. Nxb6
axb6 28. Qc4 Qf6 29. Rd1 e5 30. Rd2 Kg7 31. Rbd1 Rc6 32. Rd7 Qf3+ 33. Kg1 Rcf6
34. Rxf7+ Rxf7 35. Qd5 Qf6 36. f4 Re7 37. Bc1 exf4 38. Bxf4 Qe6 39. Qxe6 Rxe6
40. Rd7+ Kf6 41. Rd6 1-0

[Event "SR 2. liga A 2015/2016"]
[Site "?"]
[Date "2015.11.07"]
[Round "3.1"]
[White "Capanda, Jan"]
[Black "Sulek, Viliam"]
[Result "0-1"]
[WhiteElo "1846"]
[BlackElo "2064"]
[PlyCount "84"]
[EventDate "2015.??.??"]

1. e4 c5 2. Nf3 Nc6 3. b3 d6 4. d4 cxd4 5. Nxd4 Nf6 6. Nxc6 bxc6 7. Nd2 Qa5 8.
Bd3 e5 9. O-O Be6 10. Bb2 Be7 11. h3 O-O 12. f4 exf4 13. Rxf4 Qg5 14. Rf3 d5
15. Qe1 Bc5+ 16. Kh1 Nh5 17. Rd1 Rae8 18. g4 Nf4 19. Qg3 Ng6 20. e5 Nh4 21.
Rff1 Be3 22. Nf3 Nxf3 23. Rxf3 d4 24. Be4 c5 25. Rdf1 g6 26. Kh2 c4 27. Rd1 Rc8
28. Bxd4 Bxd4 29. Rxd4 cxb3 30. axb3 Rfd8 31. Rxd8+ Rxd8 32. Rd3 Rc8 33. Rd4
Rc5 34. Bd3 Qd2+ 35. Qg2 Rxc2 36. Bxc2 Qxd4 37. Qe2 Qf4+ 38. Kg2 Bd5+ 39. Kg1
Qg3+ 40. Kf1 Qxh3+ 41. Ke1 Qg3+ 42. Kd2 Bxb3 0-1

[Event "SR 2. liga A 2015/2016"]
[Site "?"]
[Date "2015.11.07"]
[Round "3.1"]
[White "Breja, Stanislav"]
[Black "Mackovic, Miroslav"]
[Result "1-0"]
[WhiteElo "1988"]
[BlackElo "1899"]
[PlyCount "79"]
[EventDate "2015.??.??"]

1. e4 c5 2. c3 d5 3. exd5 Qxd5 4. d4 Nc6 5. Nf3 Bf5 6. dxc5 Qxc5 7. Be3 Qa5 8.
Bc4 Qc7 9. O-O Rd8 10. Qb3 e6 11. Nd4 Nge7 12. Na3 Nxd4 13. Bxd4 Nc6 14. Bb5
Be7 15. Bxa7 O-O 16. Be3 Ne5 17. Be2 Bd3 18. Bb6 Qc6 19. Bxd8 Rxd8 20. Bxd3
Nxd3 21. Rad1 Nf4 22. Rxd8+ Bxd8 23. f3 Qc5+ 24. Kh1 Qg5 25. g3 Nd5 26. Qb5 Qe7
27. Nc4 h5 28. Na5 h4 29. g4 Ne3 30. Re1 Nd5 31. Nxb7 Qf6 32. Rf1 Bc7 33. Qe2
Nf4 34. Qe4 g5 35. Rd1 Nh3 36. Kg2 Nf4+ 37. Kf1 Ng6 38. Nd6 Qe7 39. Qc6 Kg7 40.
Ne8+ 1-0

[Event "SR 2. liga A 2015/2016"]
[Site "?"]
[Date "2015.11.07"]
[Round "3.1"]
[White "Gajarsky, Julius"]
[Black "Briestenska, Andrea"]
[Result "0-1"]
[WhiteElo "1811"]
[BlackElo "1964"]
[PlyCount "106"]
[EventDate "2015.??.??"]

1. d4 Nf6 2. c4 d6 3. Nc3 c6 4. Nf3 Qc7 5. Bf4 Nbd7 6. h3 e5 7. dxe5 dxe5 8.
Bh2 Bb4 9. Qc2 Qa5 10. Nd2 Bxc3 11. bxc3 Qc5 12. e3 O-O 13. Bd3 Re8 14. O-O Qe7
15. f3 Nc5 16. Be2 e4 17. f4 b6 18. Bg3 Ba6 19. Kh2 Rad8 20. Rad1 Rd7 21. Bh4
Bc8 22. Kh1 Rd6 23. Rg1 Rdd8 24. g4 Kh8 25. Bf1 Nd3 26. Bg2 Nc5 27. Rdf1 h5 28.
g5 Ng8 29. Rd1 g6 30. Kh2 Bf5 31. Bf1 Rd7 32. Be2 Qe6 33. Bf1 Red8 34. Be1 Rd6
35. Bg2 Nd3 36. Bg3 Ne7 37. Nb3 c5 38. a4 Qxc4 39. Nd2 Qe6 40. Nb3 Nd5 41. Bf2
Kg8 42. c4 N5b4 43. Qe2 Qxc4 44. Nc1 Qa6 45. Bf1 Qxa4 46. Nxd3 Nxd3 47. Rd2 c4
48. Ra2 Qd7 49. Be1 Nxe1 50. Qxe1 Rd2+ 51. Rg2 c3 52. Raxd2 cxd2 53. Qd1 Bxh3
0-1

[Event "SR 2. liga A 2015/2016"]
[Site "?"]
[Date "2015.11.07"]
[Round "3.2"]
[White "Janos, Martin"]
[Black "Sosna, Jan"]
[Result "0-1"]
[WhiteElo "2259"]
[BlackElo "2336"]
[PlyCount "114"]
[EventDate "2015.??.??"]

1. e4 e5 2. d4 exd4 3. Nf3 Nc6 4. Nxd4 Bc5 5. Nxc6 Qf6 6. Qd2 dxc6 7. Bc4 Be6
8. Bxe6 Qxe6 9. O-O Nf6 10. Nc3 O-O 11. Qg5 Bd4 12. Bd2 Nxe4 13. Nxe4 Qxe4 14.
c3 Bf6 15. Qg3 Qc2 16. Be3 Qxb2 17. Rab1 Qxa2 18. Rxb7 a5 19. Rxc7 Qd5 20. c4
Qe6 21. Qf3 Rfc8 22. Rxc8+ Rxc8 23. Qe2 Bd4 24. Qd3 Bxe3 25. fxe3 Ra8 26. Ra1
Qe5 27. Qd4 Qxd4 28. exd4 Kf8 29. Kf2 Ke7 30. Ke3 f5 31. Kd3 a4 32. Kc3 g5 33.
Kb4 f4 34. Kc5 Kd7 35. Ra3 g4 36. d5 cxd5 37. Kxd5 h5 38. Ke4 Kd6 39. Kxf4 Kc5
40. Ke3 Kxc4 41. Kd2 Kb4 42. Ra1 a3 43. Kc2 Rf8 44. Rg1 Rf2+ 45. Kb1 Kc4 46. h3
g3 47. Ka1 Kd3 48. Rb1 Rxg2 49. Rb3+ Ke4 50. Rb4+ Kf5 51. Rb5+ Kf4 52. Rb4+ Kg5
53. Rb5+ Kh4 54. Ra5 Rf2 55. Ra4+ Kxh3 56. Rxa3 h4 57. Kb1 Kh2 0-1

[Event "SR 2. liga A 2015/2016"]
[Site "?"]
[Date "2015.11.07"]
[Round "3.2"]
[White "Mudrak, Josef"]
[Black "Fabry, Robert"]
[Result "1-0"]
[WhiteElo "2292"]
[BlackElo "2118"]
[PlyCount "123"]
[EventDate "2015.??.??"]

1. d4 Nf6 2. Nf3 e6 3. g3 c5 4. Bg2 Nc6 5. O-O d5 6. c4 cxd4 7. Nxd4 Bc5 8.
Nxc6 bxc6 9. Nc3 O-O 10. e4 Ba6 11. Na4 Bb4 12. b3 dxc4 13. a3 Be7 14. b4 c3
15. Re1 Qxd1 16. Rxd1 c2 17. Re1 Bb5 18. Nc3 Bc4 19. e5 Nd5 20. Bd2 a5 21. bxa5
Bc5 22. Rec1 Bb3 23. Ne2 f6 24. Be4 fxe5 25. Be1 Bd4 26. Nxd4 exd4 27. Bxc2
Bxc2 28. Rxc2 Nc3 29. Bxc3 dxc3 30. Rxc3 Rxa5 31. Rxc6 Rfa8 32. Rc3 Kf7 33. Kg2
Kf6 34. Rf3+ Ke7 35. Rb1 R8a7 36. Rbb3 h5 37. h4 g6 38. Rfe3 R5a6 39. Kf3 Kf6
40. Ke2 Kf7 41. Kd2 Kf6 42. Kc2 Rd7 43. Red3 Rc7+ 44. Kb2 g5 45. Rf3+ Kg6 46.
Rb5 gxh4 47. gxh4 Kh6 48. Rf6+ Kg7 49. Rf4 Kh6 50. a4 Rd7 51. Re5 Rdd6 52. a5
Rac6 53. Kb3 Ra6 54. Kb4 Rac6 55. Kb5 Rc2 56. Rf6+ Kg7 57. Rfxe6 Rd1 58. Rxh5
Rb1+ 59. Ka6 Rxf2 60. Rb5 Ra1 61. Rb7+ Kf8 62. Rc6 1-0

[Event "SR 2. liga A 2015/2016"]
[Site "?"]
[Date "2015.11.07"]
[Round "3.2"]
[White "Tepper, Frantisek"]
[Black "Kapusta, Petr"]
[Result "0-1"]
[WhiteElo "2139"]
[BlackElo "2097"]
[PlyCount "76"]
[EventDate "2015.??.??"]

1. e4 c5 2. Nf3 d6 3. c3 Nf6 4. Bc4 e6 5. Qe2 Be7 6. O-O O-O 7. Bb3 b6 8. Re1
Bb7 9. Bc2 Nc6 10. d3 Rc8 11. Nbd2 b5 12. Nf1 Qb6 13. h3 Ne5 14. Be3 Nxf3+ 15.
Qxf3 d5 16. Bg5 d4 17. cxd4 cxd4 18. Bb3 a5 19. a3 a4 20. Bd1 Rc5 21. Bd2 Rfc8
22. Qe2 e5 23. g4 R5c6 24. Ng3 g6 25. Bg5 R6c7 26. Qd2 Qe6 27. Kh2 Nd7 28. Rg1
Nc5 29. Nf5 Bxg5 30. Qxg5 f6 31. Qd2 Kh8 32. Ng3 Nb3 33. Bxb3 Qxb3 34. Rac1 Rc2
35. Qh6 Rxf2+ 36. Kh1 Rfc2 37. Nf5 Bxe4+ 38. dxe4 Qf3+ 0-1

[Event "SR 2. liga A 2015/2016"]
[Site "?"]
[Date "2015.11.07"]
[Round "3.2"]
[White "Hudacek, Josef"]
[Black "Janos, Jozef"]
[Result "0-1"]
[WhiteElo "2057"]
[BlackElo "2121"]
[PlyCount "80"]
[EventDate "2015.??.??"]

1. e4 c5 2. Ne2 Nc6 3. g3 g6 4. Bg2 Bg7 5. d3 e6 6. O-O Nge7 7. c3 O-O 8. f4 d6
9. Nd2 Qc7 10. g4 f5 11. h3 Kh8 12. Nf3 d5 13. e5 Bd7 14. Qe1 Kg8 15. Qh4 Qd8
16. Qf2 b6 17. g5 Kf7 18. h4 Qc8 19. Ng3 Qa6 20. Qe2 Na5 21. Be3 c4 22. d4 b5
23. h5 Rfc8 24. Kf2 Qb6 25. Rh1 b4 26. hxg6+ hxg6 27. Rh7 bxc3 28. bxc3 Rab8
29. Bc1 Nac6 30. Nd2 Nxd4 31. cxd4 Qxd4+ 32. Qe3 Qxa1 33. Ba3 Nc6 34. Nxf5 gxf5
35. Qh3 Qd4+ 36. Ke1 Rh8 37. Qh5+ Kg8 38. g6 Qg1+ 39. Bf1 Qg3+ 40. Ke2 Qg4+ 0-1

[Event "SR 2. liga A 2015/2016"]
[Site "?"]
[Date "2015.11.07"]
[Round "3.2"]
[White "Kolman, Richard"]
[Black "Berger, Patrik"]
[Result "1/2-1/2"]
[WhiteElo "2079"]
[BlackElo "1945"]
[PlyCount "66"]
[EventDate "2015.??.??"]

1. e4 c5 2. Nc3 Nc6 3. f4 g6 4. Nf3 Bg7 5. Bc4 d6 6. d3 e6 7. f5 Nge7 8. O-O
O-O 9. fxg6 fxg6 10. Bb3 Nd4 11. Nxd4 Bxd4+ 12. Kh1 Nc6 13. Bh6 Rxf1+ 14. Qxf1
Bd7 15. g3 Qe7 16. Qh3 Na5 17. Ba4 Bxa4 18. Nxa4 b5 19. Nc3 b4 20. Nd1 Qf6 21.
c3 Be5 22. d4 cxd4 23. cxb4 Nc4 24. Rc1 Rc8 25. b3 Nb6 26. Rxc8+ Nxc8 27. Nf2
Ne7 28. Qg2 Nc6 29. Bd2 Qf7 30. Nd3 Qc7 31. Qh3 Qf7 32. Qg2 Qc7 33. Qh3 Qf7
1/2-1/2

[Event "SR 2. liga A 2015/2016"]
[Site "?"]
[Date "2015.11.07"]
[Round "3.2"]
[White "Vepy, Ivan"]
[Black "Sturc, Jan"]
[Result "1-0"]
[WhiteElo "1936"]
[BlackElo "2057"]
[PlyCount "129"]
[EventDate "2015.??.??"]

1. e4 c5 2. Nf3 Nc6 3. Be2 g6 4. Nc3 Bg7 5. O-O d6 6. h3 a6 7. Rb1 Nf6 8. d3
Nd4 9. Nxd4 cxd4 10. Nd5 Nxd5 11. exd5 Qa5 12. Bf3 Qxa2 13. Bf4 O-O 14. Re1 Bf6
15. g4 Re8 16. Bxd6 Qa4 17. Bf4 g5 18. Bg3 Qd7 19. Qd2 Kh8 20. Re2 b6 21. c4
Bb7 22. Rbe1 b5 23. b3 a5 24. Be5 Bxe5 25. Rxe5 f6 26. Re6 a4 27. Qb4 a3 28.
Ra1 a2 29. Re2 bxc4 30. dxc4 Rab8 31. Qd2 e5 32. Be4 Qc7 33. Qd3 Bc8 34. Rexa2
Qb6 35. Rb2 h5 36. Qf3 Rf8 37. Bg6 Rb7 38. b4 f5 39. gxf5 Bxf5 40. Bxf5 g4 41.
Qe4 Qf6 42. Be6 gxh3 43. Kh2 Rg7 44. Rg1 Rxg1 45. Kxg1 Qg5+ 46. Kh2 Rf4 47. Qh1
d3 48. Qg1 Qxg1+ 49. Kxg1 Rxc4 50. Rd2 e4 51. d6 Rxb4 52. d7 Rd4 53. Kh2 Kg7
54. Bxh3 Kf6 55. Kg3 Ke5 56. f4+ exf3 57. Kxf3 Kf6 58. Ke3 Rd6 59. Rxd3 Rxd3+
60. Kxd3 Ke7 61. Kd4 Kd8 62. Kc5 Kc7 63. Kd5 h4 64. Ke6 Kd8 65. Bg4 1-0

[Event "SR 2. liga A 2015/2016"]
[Site "?"]
[Date "2015.11.07"]
[Round "3.2"]
[White "Novacek, Vladimir"]
[Black "Hrubsa, Marian"]
[Result "1-0"]
[WhiteElo "2043"]
[BlackElo "1784"]
[PlyCount "41"]
[EventDate "2015.??.??"]

1. d4 d5 2. Nf3 Nf6 3. g3 g6 4. Bg2 Bg7 5. O-O O-O 6. Nc3 Nc6 7. Ne5 Nxe5 8.
dxe5 Ng4 9. Qxd5 Qxd5 10. Nxd5 e6 11. Nxc7 Rb8 12. Nb5 a6 13. Na3 Bxe5 14. h3
Nf6 15. Nc4 Bc7 16. Bg5 Kg7 17. Rad1 b5 18. Nd6 Bb6 19. Bf4 Bd7 20. Be5 Rbd8
21. Ne4 1-0

[Event "SR 2. liga A 2015/2016"]
[Site "?"]
[Date "2015.11.07"]
[Round "3.2"]
[White "Antalek, Rudolf"]
[Black "Hudec, Jan"]
[Result "0-1"]
[WhiteElo "1689"]
[BlackElo "2028"]
[PlyCount "84"]
[EventDate "2015.??.??"]

1. e4 c5 2. Nf3 e6 3. d4 cxd4 4. Nxd4 a6 5. Bd3 Nf6 6. Qe2 Nc6 7. c3 Qc7 8. Be3
Ne5 9. Bc2 Bc5 10. Nd2 Neg4 11. N2f3 Nxe3 12. Qxe3 e5 13. Qg5 Bxd4 14. Nxd4
exd4 15. Qxg7 Rg8 16. Qxf6 dxc3 17. Bb3 d6 18. O-O-O cxb2+ 19. Kxb2 Rg6 20.
Qh8+ Ke7 21. e5 d5 22. Rxd5 Be6 23. Qxa8 Bxd5 24. Qh8 Bxb3 25. axb3 Qc5 26. Rd1
Qxf2+ 27. Ka1 Qb6 28. Qc8 Qa5+ 29. Kb1 Qb5 30. Qd8+ Ke6 31. Qd6+ Kf5 32. Qd7+
Qxd7 33. Rxd7 Rxg2 34. Rxf7+ Kxe5 35. Rxh7 b5 36. Rh6 Kd4 37. Rxa6 Kc3 38. Rb6
b4 39. Rc6+ Kxb3 40. h4 Rg1+ 41. Rc1 Rxc1+ 42. Kxc1 Ka2 0-1

[Event "SR 2. liga A 2015/2016"]
[Site "?"]
[Date "2015.11.07"]
[Round "3.3"]
[White "Kovacocy, Pavel"]
[Black "Cech, Dominik"]
[Result "1/2-1/2"]
[WhiteElo "2194"]
[BlackElo "2100"]
[PlyCount "120"]
[EventDate "2015.??.??"]

1. e4 c5 2. Ne2 Nc6 3. d4 cxd4 4. Nxd4 e6 5. g3 Qc7 6. Nb5 Qb8 7. Bg2 a6 8. Nd4
d6 9. a4 Bd7 10. Be3 Nf6 11. O-O Be7 12. Nc3 h5 13. h3 Nxd4 14. Bxd4 e5 15. Be3
Qc8 16. Bg5 Bxh3 17. Bxf6 Bxf6 18. Qxd6 Qd7 19. Rfd1 Qxd6 20. Rxd6 Be6 21. Nd5
Bxd5 22. Rxd5 Rc8 23. c3 O-O 24. Bh3 Rc7 25. f3 Rb8 26. Bf1 Kf8 27. Kf2 Ke8 28.
Rad1 Rd8 29. Ke3 Be7 30. Rxd8+ Bxd8 31. Rd5 f6 32. Kd3 Rd7 33. Kc4 Rxd5 34.
Kxd5 Ke7 35. Bh3 Bb6 36. Bc8 Bf2 37. Bxb7 a5 38. b4 Be1 39. b5 Bxc3 40. Bc8 Kd8
41. Bf5 Kc7 42. Ke6 Be1 43. Kf7 Bxg3 44. Kxg7 h4 45. Kxf6 Kd6 46. Kg5 Kc5 47.
Kg4 Kb6 48. Be6 Kc5 49. Bc8 Kb6 50. Kh3 Kc5 51. Kg2 Kb6 52. Kf1 Bf4 53. Ke2 Kc5
54. Bh3 Bg5 55. Kd3 Bf4 56. Ke2 Bg3 57. Kf1 Bf4 58. Kg2 Be3 59. Bd7 Bf4 60. Kh3
Bg3 1/2-1/2

[Event "SR 2. liga A 2015/2016"]
[Site "?"]
[Date "2015.11.07"]
[Round "3.3"]
[White "Nicolini, Alexander"]
[Black "Petrik, Stanislav"]
[Result "1-0"]
[WhiteElo "2137"]
[BlackElo "2143"]
[PlyCount "189"]
[EventDate "2015.??.??"]

1. e4 c5 2. Nf3 Nc6 3. c3 Qa5 4. Be2 Nf6 5. d3 d5 6. e5 Ng4 7. Bf4 h5 8. O-O
Qb6 9. Qd2 g6 10. d4 c4 11. Qc1 Bh6 12. Bxh6 Nxh6 13. Nbd2 Bf5 14. b3 cxb3 15.
axb3 O-O-O 16. b4 a6 17. Nb3 f6 18. exf6 exf6 19. Nc5 Rde8 20. Bxa6 bxa6 21.
Rxa6 Qb5 22. Qf4 Nb8 23. Rxf6 Ng4 24. Rf7 Qb6 25. Na4 Qd8 26. Ne5 Rhf8 27. Rxf8
Rxf8 28. Nxg4 Bxg4 29. Qg3 Qc7 30. Qe3 Qf7 31. Ra1 Re8 32. Qg3 Qc7 33. Qd3 Qc6
34. Nc5 Bf5 35. Qg3 Re2 36. h3 Qc7 37. Qf3 Rc2 38. Qe3 Be4 39. Ra8 Rb2 40. Ra1
Qf7 41. Qg3 g5 42. f3 Bf5 43. Qe5 Bd7 44. Ra8 Rb1+ 45. Kf2 Rb2+ 46. Ke1 Rb1+
47. Kd2 Qf4+ 48. Qxf4 gxf4 49. Nxd7 Kxd7 50. Rxb8 Rb2+ 51. Kd3 Rxg2 52. Rf8 Rg3
53. Rxf4 Rxh3 54. c4 dxc4+ 55. Kxc4 h4 56. Kd5 Rh1 57. Rf7+ Ke8 58. Rh7 h3 59.
b5 h2 60. b6 Rb1 61. Rxh2 Rxb6 62. Rh8+ Kf7 63. Kc5 Rb3 64. Rh3 Ke7 65. Kd5 Ra3
66. Ke4 Ra5 67. f4 Rb5 68. Rh7+ Kf6 69. Rh6+ Ke7 70. f5 Ra5 71. Rb6 Ra1 72.
Re6+ Kd7 73. Ke5 Rh1 74. Rd6+ Ke7 75. f6+ Kf7 76. Rd7+ Ke8 77. Re7+ Kf8 78. d5
Re1+ 79. Kd6 Rf1 80. Ke6 Re1+ 81. Kd7 Rf1 82. Re6 Kf7 83. Rc6 Rd1 84. d6 Kxf6
85. Rc2 Ke5 86. Re2+ Kf6 87. Kc7 Kf7 88. d7 Rc1+ 89. Kd8 Kf8 90. Rf2+ Kg7 91.
Rf4 Rc3 92. Ke7 Re3+ 93. Kd6 Rd3+ 94. Ke6 Rd1 95. Rf5 1-0

[Event "SR 2. liga A 2015/2016"]
[Site "?"]
[Date "2015.11.07"]
[Round "3.3"]
[White "Nemsak, Denis"]
[Black "Sturdik, Igor"]
[Result "1-0"]
[WhiteElo "2091"]
[BlackElo "1985"]
[PlyCount "59"]
[EventDate "2015.??.??"]

1. d4 Nf6 2. c4 c5 3. d5 e6 4. Nc3 exd5 5. cxd5 d6 6. e4 g6 7. f4 Bg7 8. Nf3
O-O 9. Be2 Re8 10. e5 dxe5 11. fxe5 Ng4 12. e6 fxe6 13. d6 a6 14. Ng5 Ne5 15.
O-O Nbc6 16. Nge4 Nf7 17. Rxf7 Kxf7 18. Bg5 Bd4+ 19. Kh1 Qd7 20. Qd2 Rf8 21.
Bh6 Kg8 22. Bxf8 Kxf8 23. Rf1+ Kg7 24. Ng5 Ne5 25. Qf4 Qe8 26. Nce4 Bd7 27.
Nxc5 Nc6 28. Qf7+ Qxf7 29. Rxf7+ Kh6 30. h4 1-0